• 首页
  • 本馆介绍
  • 公告通知
  • 最新文献
  • 馆藏检索
  • 电子资源
  • 读者导购
  • 参考咨询
  • 我的图书馆
  • 登录
  • 详细信息显示
  • 放入我的书架
  • 预约/预借图书
  • 作者相关作品
  • 分类相关作品
  • 丛书相关作品
  • 出版社相关作品

书目信息

  • 表格格式
  • 工作单格式
  • 卡片格式
题名:
机动车管理
    
 
作者: 黄少忠 主编
分册:  
出版信息: 成都   电子科技大学出版社  2013
页数: 175页
开本: 24cm
丛书名:
单 册:
中图分类: F540.8
科图分类:
主题词: 机动车--交通运输管理 , 机动车 , 交通运输管理
电子资源:
ISBN: 978-7-5647-1406-2
000 00998nam0 2200253 450
001 012015000717
005 20150914150959.32
010    @a978-7-5647-1406-2@dCNY36.00
100    @a20140429d2013 em y0chiy50 ea
101 0  @achi
102    @aCN@b510000
105    @aa z 000yy
106    @ar
200 1  @a机动车管理@Aji dong che guan li@f黄少忠主编
210    @a成都@c电子科技大学出版社@d2013
215    @a175页@c图@d24cm
330    @a全书共分为14章,包括杆件静力分析基础、平衡方程及其应用、简单轴类零件的受力分析、物体的重心与形心、杆件基本变形时的内力分析、材料的失效与零部件的失效、杆件基本变形时的强度计算、圆轴弯扭组合变形时的强度计算、交变应力与疲劳失效、杆件的刚度计算、压杆稳定、点和刚体的基本运动、点和刚体的复合运动,质点和刚体的动力分析,每章有小结和习题。
606 0  @a机动车@x交通运输管理
606 0  @a机动车
606 0  @a交通运输管理
690    @aF540.8@v5
701  0 @a黄少忠@Ahuang shao zhong@4主编
801  0 @aCN@b碧洲教育@c20150718
905    @a10447@f4@dF540.8@e8
    
    机动车管理/黄少忠主编.-成都:电子科技大学出版社,2013
    175页:图;24cm
    
    
    ISBN 978-7-5647-1406-2:CNY36.00
    全书共分为14章,包括杆件静力分析基础、平衡方程及其应用、简单轴类零件的受力分析、物体的重心与形心、杆件基本变形时的内力分析、材料的失效与零部件的失效、杆件基本变形时的强度计算、圆轴弯扭组合变形时的强度计算、交变应力与疲劳失效、杆件的刚度计算、压杆稳定、点和刚体的基本运动、点和刚体的复合运动,质点和刚体的动力分析,每章有小结和习题。
●
相关链接 在E读中查询图书 在五车中查询图书 在当当中查询图书 在豆瓣中查询图书


正题名:机动车管理     索取号:F540.8/8         预约/预借

序号 登录号 条形码 馆藏地/架位号 状态 备注
1 0848320   208483201   第一样本阅览室/ [索取号:F540.8/8] 在馆    
2 0848321   208483210   第一借阅区/ [索取号:F540.8/8] 在馆    
3 0848322   208483229   第一借阅区/ [索取号:F540.8/8] 在馆    
4 0848323   208483238   第一借阅区/ [索取号:F540.8/8] 在馆    
唐山师范学院图书馆 欢迎您!
大连网信软件有限公司© 版权所有